| 000 | 00648nam a2200229Ia 4500 | ||
|---|---|---|---|
| 005 | 20250108125035.0 | ||
| 008 | 008 250107s9999 xx 000 0 eng d | ||
| 020 | _a978-81-905767-2-7 | ||
| 037 | _aTB | ||
| 040 |
_aCRL _beng _cCRL |
||
| 041 |
_aurd _2eng |
||
| 084 | _aV2,21y7N50 152Q8 | ||
| 084 | _qCRL | ||
| 100 |
_aNishank Ramesh Pokhriyal Au. _9730317 |
||
| 245 | 0 |
_aAhlam-e-tawarukak _cNishank Ramesh Pokhriyal Au. |
|
| 260 |
_aNew Delhi, India _bMarkazi publications _c3118 |
||
| 300 | _a264p. | ||
| 365 |
_aINR _b500 |
||
| 650 | _aINDIA - HISTORY | ||
| 942 |
_cTB _hV2,21y7N50 152Q8 |
||
| 999 |
_c1235506 _d1235506 |
||